| Поле | Инд. | ПП | Название | Значение |
|---|---|---|---|---|
| Тип записи | a | |||
| Библиографический уровень | b | |||
| 001 | Контрольный номер | RU/IS/BASE/308845377 | ||
| 005 | Дата корректировки | 20220715140356.4 | ||
| 008 | Кодируемые данные | 20091014 | ||
| 040 | b | Код языка каталог. | rus | |
| e | Правила каталог. | PSBO | ||
| 041 | 0_ | a | Код языка текста | rus |
| 084 | a | Индекс другой классификации/Индекс ББК | 66.4(2Рос),0; 66.4в; 60.561.37 | |
| 245 | 11 | a | Заглавие | [Мировой порядок и внешняя политика России в свете Кавказского кризиса 2008 г.] |
| b | Продолж. заглавия | [подборка статей] | ||
| 504 | a | Библиография | Библиогр. ссылки. - Примеч. | |
| 505 | a | Форматированное содержание | Кавказский кризис 2008 г. в контексте концепции "плюралистической однополярности" | |
| b | Автор | Дробот Г. А. | ||
| 505 | a | Форматированное содержание | После августовскийх событий на Кавказе положении России в мире укрепилось | |
| b | Автор | Дюамель Л. | ||
| 505 | a | Форматированное содержание | Внешние и внутренние угрозы безопасности в бесполярном мире: проблемы измерения | |
| b | Автор | Терновая Л. О. | ||
| 505 | a | Форматированное содержание | Кавказский кризис в свете Концепции национальной безопасности России 2000 и 2008 гг. | |
| b | Автор | Назаров З. И. | ||
| 505 | a | Форматированное содержание | Мюнхен, Косово и Южная Осетия как этапы формирования новой идентичности России | |
| b | Автор | Кочетков В. В. | ||
| 505 | a | Форматированное содержание | К вопросу о характере международного порядка после Кавказского кризиса: место России | |
| b | Автор | Портнягина И. И. | ||
| 505 | a | Форматированное содержание | После Кавказского кризиса: мировой порядок и внешняя политика России | |
| b | Автор | Цыганков П. А. | ||
| 650 | 14 | a | Основная рубрика | внешняя политика |
| a | Основная рубрика | международные отношения | ||
| a | Основная рубрика | политика | ||
| a | Основная рубрика | политическая социология | ||
| a | Основная рубрика | социология | ||
| 653 | 1_ | a | Ключевые слова | военно-политические конфликты |
| a | Ключевые слова | военно-политические кризисы | ||
| a | Ключевые слова | вооруженные конфликты | ||
| a | Ключевые слова | вооруженные конфликты в Южной Осетии в августе 2008 | ||
| a | Ключевые слова | грузино-осетинский конфликт | ||
| a | Ключевые слова | Грузия | ||
| a | Ключевые слова | Кавказ | ||
| a | Ключевые слова | концепция национальной безопасности | ||
| a | Ключевые слова | концепция плюралистической однополярности" | ||
| a | Ключевые слова | Косово | ||
| a | Ключевые слова | международный порядок | ||
| a | Ключевые слова | мировой порядок | ||
| a | Ключевые слова | миротворчество | ||
| a | Ключевые слова | Россия | ||
| a | Ключевые слова | система международных отношений | ||
| a | Ключевые слова | социология международных отношений | ||
| a | Ключевые слова | США | ||
| a | Ключевые слова | теория международных отношений | ||
| a | Ключевые слова | угрозы безопасности | ||
| a | Ключевые слова | Южная Осетия | ||
| 700 | 1_ | a | Автор | Дробот Г. А. |
| q | Полное имя | Дробот Галина Анатольевна | ||
| 700 | 1_ | a | Автор | Кочетков В. В. |
| q | Полное имя | Кочетков Владимир Викторович | ||
| 700 | 1_ | a | Автор | Назаров З. И. |
| 700 | 1_ | a | Автор | Портнягина И. И. |
| q | Полное имя | Портнягина Ирина Игоревна | ||
| 700 | 1_ | a | Автор | Терновая Л. О. |
| 700 | 1_ | a | Автор | Цыганков П. А. |
| q | Полное имя | Цыганков Павел Афанасьевич | ||
| 700 | 1_ | a | Автор | Дюамель Л. |
| q | Полное имя | Дюамель Люк | ||
| 773 | 08 | t | Заглавие источника | Вестник Московского университета. Серия 18, Социология и политология |
| d | Дата издания источника | 2009 | ||
| g | Прочая информация | № 1. - С. 6 - 34 | ||
| w | Контрольный № источника | RU/IS/BASE/299591355 | ||
| 901 | t | Тип документа | b |